Wszystkie gminy w Polsce na literę H - Statystyki

Ogólne statystyki
  • Ten quiz został rozwiązany 22 razy
  • Średni wynik to 6 z 13
Statystyki odpowiedzi
Województwo Gmina % Poprawnych
lubelskie Hrubieszów
95%
podlaskie Hajnówka
90%
pomorskie Hel
86%
mazowieckie Halinów
52%
lubelskie Horodło
43%
podkarpackie Horyniec-Zdrój
38%
podkarpackie Hyżne
38%
lubelskie Hanna
29%
lubelskie Hańsk
29%
śląskie Hażlach
29%
podkarpackie Haczów
24%
śląskie Herby
24%
podkarpackie Harasiuki
14%
Nie znaleziono quizów pasujących do podanych kryteriów
Rozkład punktacji
Procent ludzi z każdym wynikiem
Percentyl według liczby udzielonych odpowiedzi
Twoja historia wyników
Nie rozwiązałeś tego quizu